00822nam a2200157Ia 4500001000700000008004100007082002300048110010200071245015500173260011400328300001100442503002100453504002700474650005800501710010500559Z_6191220601s9999 xx 000 0 und d aC 636.0981078 U536 aUNAM. Facultad de Medicina Veterinaria y Zootecnia. Departamento de Fisiología y Farmacología aManual de laboratorio de fisiología veterinaria / UNAM. Facultad de Medicina Veterinaria y Zootecnia. Departamento de Fisiología y Farmacología  aMéxico : UNAM : Facultad de Medicina Veterinaria y Zootecnia, Departamento de Fisiología y Farmacología a144 p. aej.1: Donación aIncluye bibliografía a1. Fisiología Veterinaria - Manuales de laboratorio aUNAM. Facultad de Medicina Veterinaria y Zootecnia. Departamento de Fisiología y FarmacologíaÌ